000 00575nmm a2200193Ia 4500
008 251105s9999||||xx |||||||||||||||||und||
020 _a9786123172473
041 _aspa
100 _aMuñoz, Ismael
245 0 _aÉtica, agencia y desarrollo humano
264 _a[Lima, Peru] :
_bPontificia Universidad Católica de Perú,
_c2017
300 _a356 páginas
650 _aPolitical Science (General)
700 _aMuñoz, Ismael
700 1 _a Gamio, Gonzalo
700 1 _a Blondet, Marcial
856 _uhttps://public.digitaliapublishing.com/a/51241
942 _cCF
999 _c69214
_d69214